000 01613nam a2200337 i 4500
001 768714001
003 CO-MdFUSB
005 20240516162032.0
007 ta
008 240514t2022 -us |||| |||| 00| 0 spa d
020 _a9781956778281
040 _aCO-MdFUSB
_bspa
_cCO-MdFUSB
_dCO-MdFUSBC
_erda
041 _aspa
_heng
082 _223
_a221.6
_bK62
100 _aKitchen, Kenneth Anderson,
_eautor
240 _aOn the reability of the Old Testament
245 3 _aLa confiabilidad del Antiguo Testamento
_c/ Kenneth Anderson Kitchen ; traducido por Janín Díaz , Saúl Sarabia
264 1 _bPublicaciones Kerigma,
_aOregón, Estados Unidos :
_c[2022]
264 4 _c©2022
300 _a551 páginas
_c; 26 cm
336 _2rdacontent
_atexto
_btxt
337 _2rdamedia
_asin mediación
_bn
338 _2rdacarrier
_avolumen
_bnc
505 _tPrimero lo primero: ¿Cuál es el asunto en cuestión? --
_t"In Medias Res" --
_tLa era de los reinos Hebreos: Dentro y fuera de casa. --
_tExilio y retorno. --
_tEl imperio contraataca. --
_tSaúl, David y Salomón. --
_tComienzos humildes. --
_tAlrededor y en Canaán. --
_tÉxodo y pacto. --
_tPadres fundadores o fantasmas fugaces. --
_tLos Patriarcas. --
_t Un suplemento vitamínico. --
_tProfetas y profecía. --
_tHasta matusalén y mucho más allá. --
_tLas últimas cosas. --
_tAlgunas conclusiones.
563 _aRústico
630 0 7 _aBiblia.
_pAntiguo Testamento
_xCrítica, interpretación, etc.
700 _aDíaz, Janín,
_99159
_etraductor
700 _aSarabia, Saúl,
_99160
_etraductor
942 _cREF
945 _aJTF-925
999 _c69703
_d69703